000 00331nam a22001457a 4500
008 210304b ||||| |||| 00| 0 eng d
020 _a2900078111005
041 _aeng
080 _214th
_a330.722.6
082 _a330.722.6
100 _a61
101 _aKF
245 _aManagerial Accounting
_cGarrison, R.H
942 _2udc
_cBK
999 _c55727
_d55727